Responses for Show #6259 - Thursday, December 1, 2011

Contestants

[<< previous game]

Gillian DiPietro, a law student from Brooklyn, New York

Logan Schultz, a bank examiner from Lexington, Kentucky

Jan Zasowski, a stock trader from Chicago, Illinois (whose 1-day cash winnings total $26,801)

[next game >>]

Jeopardy! Round responses

WEE FOLK
FURNITURE
BRIT SPEAK
DANCE!
ABOUT THE STATES
"IGGY" POP
    $200 9
Rumpelstiltskin

Logan
    $200 27
(Logan: What is a day bed?)
(Gillian: What is a cabin bed?)
...
(Alex: Logan, did you know that?)
(Logan: I did. After I--)
(Alex: Afterwards, yes. After your incorrect response. Go again. Three clues left.)

a trundle

LoganGillian
Triple Stumper
    $200 11
an umbrella

Jan
    $200 12
a conga line

Logan
    $200 16
New Hampshire

Logan
    $200 21
(Gillian: Who is Ziggy?)

Squiggy

Gillian
Triple Stumper
    $400 10
a sprite

Logan
    $400 2
(Art) Nouveau

Jan
    $400 26
a holiday

Logan
    $400 13
New Zealand

Jan
    $400 17
counties

Gillian
    $400 22
"Gettin' Jiggy Wit It"

Jan
    $600 6
a leprechaun

Gillian
    $600 1
accent tables

Gillian
    $600 3
a band-aid

Jan
    $600 14
(Gillian: What is the tango?)

the lambada

JanGillian
    $600 18
the Nautilus

Logan
    $600 23
(Jan: Who is Twiggy?)
...
(Alex: Logan, you knew that, and you didn't ring in.)
(Logan: I did.)

Miss Piggy

Jan
Triple Stumper
    $800 7
water (a river accepted)

Gillian
    $800 28
Sleepy Hollow

Jan
    $800 4
a hardware store

Triple Stumper
    $800 15
the polka

Logan
    $800 19
(Logan: What is New Jersey?)

Wisconsin

JanLogan
    $800 24
Twiggy

Jan
    $1000 8
the troll

Jan
    $1000 30
(Logan: What is a curio cabinet?)

étagère

Logan
Triple Stumper
    $1,000 5
(Jan: What is a beach?)

a swimming pool

Jan
    $1000 29
a cakewalk

Logan
    $1000 20
Kansas

Jan
    $1000 25
(Gillian: Who is Iggy Stardust?)
(Alex: Yes.)
(Gillin: Uh, DANCE!--)
(Judge: No!)
(Alex: Whoa. No? Sorry. Jan.)

Ziggy Stardust

JanGillian

Scores at the first commercial break (after clue 15):

Jan Logan Gillian
$2,200 $1,600 $1,400

Scores at the end of the Jeopardy! Round:

Jan Logan Gillian
$6,400 $1,800 $400

Double Jeopardy! Round responses

FIRST OF THE MONTH
THE JEOPARDY! TIME MACHINE
GEOLOGY
THE NATIONAL TRACK & FIELD HALL OF FAME
MINER CLASSICS
"MAJOR" CONCERNS
    $400 1
September

Logan
    $400 29
[The end-of-round signal sounds.]

a butterfly

Jan
    $400 7
emery

Jan
    $400 15
(Gillian: What is the opening ceremonies?)

the national anthem

LoganGillian
    $400 18
(Jack) London

Logan
    $800 2
November

Jan
    $800 26
Cole Porter

Gillian
    $800 8
a stalactite

Gillian
    $3,400 16
the triple jump

Logan
    $800 19
(D.H.) Lawrence

Gillian
    $800 14
a major general

Logan
    $1200 4
(Logan: What is June?)

July

JanLogan
    $1200 20
the Golden Horde

Jan
    $1200 6
nuclear tests

Logan
    $1200 3
(Steve) Prefontaine

Gillian
    $1200 25
Pennsylvania

Gillian
    $1200 11
Major Prophets

Jan
    $1600 9
March

Gillian
    $1600 21
Buffalo

Logan
    $1600 23
a crevasse

Jan
    $1600 5
discus throw

Triple Stumper
    $1600 28
(Alex: Yes. Great movie.)

How Green Was My Valley

Gillian
    $1600 12
a major axis

Jan
    $2000 10
(Alex: Those are thoroughbreds, and each thoroughbred becomes a year older on [*] the first.)

January

Triple Stumper
    $2000 22
a salon

Jan
    $2000 24
Pangaea

Jan
    $2000 17
Joan Benoit

Triple Stumper
    $3,000 27
(Gillian: Uh, who is Sinclair Lewis?)

Upton Sinclair

Gillian
    $2000 13
Major Barbara

Gillian

Scores at the end of the Double Jeopardy! Round:

Jan Logan Gillian
$18,800 $8,800 $7,000
(lock game)

[wagering suggestions for these scores]

Final Jeopardy! Round responses

HIT SONGS
GillianWhat is ?
$6,997
LoganWhat is It's All Ri Dont worry, be happ
$5,302
JanWhat is Don't Worry Be Happy?
$1,000
"Don't Worry, Be Happy" (by Bobby McFerrin)

Final scores:

Jan Logan Gillian
$19,800 $3,498 $3
2-day champion: $46,601 2nd place: $2,000 3rd place: $1,000

Game dynamics:

Coryat scores:

Jan Logan Gillian
$19,800 $6,200 $10,000
22 R,
2 W
(including 1 DD)
15 R
(including 1 DD),
4 W
12 R,
6 W
(including 1 DD)

Combined Coryat: $36,000

[game clues] [game scores] [suggest correction]

Game tape date: 2011-10-11
The J! Archive is created by fans, for fans. Scraping, republication, monetization, and malicious use prohibited; this site may use cookies and collect identifying information. See terms. The Jeopardy! game show and all elements thereof, including but not limited to copyright and trademark thereto, are the property of Jeopardy Productions, Inc. and are protected under law. This website is not affiliated with, sponsored by, or operated by Jeopardy Productions, Inc. Join the discussion at JBoard.tv.